[Event "Oberliga Nord N 2122"]
[Site "Germany"]
[Date "2022.05.01"]
[Round "9.6"]
[White "Bosselmann, Tom Linus"]
[Black "Gottuk, Stefan"]
[Result "1/2-1/2"]
[WhiteElo "2038"]
[BlackElo "2161"]
[PlyCount "40"]
[EventDate "2021.10.31"]
[EventType "team-tourn"]
[EventRounds "9"]
[EventCountry "GER"]
[SourceTitle "EXT 2023"]
[Source "ChessBase"]
[SourceDate "2022.10.05"]
[SourceVersion "1"]
[SourceVersionDate "2022.10.05"]
[SourceQuality "1"]
[WhiteTeam "Luebeck"]
[BlackTeam "Hamburg Diogenes"]
[WhiteTeamCountry "GER"]
[BlackTeamCountry "GER"]

1. e4 e6 2. d4 d5 3. Bd3 Nf6 4. e5 Nfd7 5. c3 c5 6. Nf3 Nc6 7. Be3 b6 8. Bb5 Bb7 9. 0-0 Be7 10. Re1 h6 11. Nbd2 a6 12. Bd3 Qc7 13. Rc1 c4 14. Be2 g5 15. Nf1 0-0-0 16. b3 Na5 17. N3d2 Kb8 18. Ng3 f6 19. exf6 Nxf6 20. Bf3 Rdg8 1/2-1/2

[Event "Oberliga Nord N 2122"]
[Site "Germany"]
[Date "2022.03.20"]
[Round "7.5"]
[White "Gottuk, Stefan"]
[Black "Skaanning Pedersen, Kim Henrik"]
[Result "1-0"]
[WhiteElo "2154"]
[BlackElo "2262"]
[PlyCount "63"]
[EventDate "2021.10.31"]
[EventType "team-tourn"]
[EventRounds "9"]
[EventCountry "GER"]
[SourceTitle "EXT 2023"]
[Source "ChessBase"]
[SourceDate "2022.10.05"]
[SourceVersion "1"]
[SourceVersionDate "2022.10.05"]
[SourceQuality "1"]
[WhiteTeam "Hamburg Diogenes"]
[BlackTeam "Preetz"]
[WhiteTeamCountry "GER"]
[BlackTeamCountry "GER"]

1. d4 Nf6 2. Bf4 c5 3. d5 d6 4. Nc3 g6 5. e4 Bg7 6. h3 0-0 7. Nf3 Na6 8. Bxa6 bxa6 9. 0-0 Rb8 10. Rb1 Nd7 11. Qd2 Qa5 12. Bh6 f6 13. Bxg7 Kxg7 14. b3 Ne5 15. Nxe5 fxe5 16. Rbd1 Bd7 17. f3 Qb4 18. Nb1 Qxd2 19. Nxd2 c4 20. Nxc4 Bb5 21. Na5 Bxf1 22. Kxf1 Kf6 23. Ke2 e6 24. c4 exd5 25. exd5 Rbe8 26. Ke3 Kg5 27. Nb7 Rf6 28. c5 e4 29. fxe4 dxc5 30. d6 Rfe6 31. Nxc5 Re5 32. Kd4 1-0

[Event "GER-ch Net Amateur Gr-A Vor2"]
[Site "Playchess.com INT"]
[Date "2020.04.15"]
[Round "9"]
[White "Gottuk, Stefan"]
[Black "Gaitzsch, Martin"]
[Result "1/2-1/2"]
[WhiteElo "1834"]
[BlackElo "1620"]
[PlyCount "104"]
[EventDate "2020.04.15"]
[EventType "swiss (blitz)"]
[EventRounds "9"]
[EventCountry "GER"]
[SourceTitle "CBM 196 Extra"]
[Source "ChessBase"]
[SourceDate "2020.07.31"]
[SourceVersion "1"]
[SourceVersionDate "2020.07.31"]
[SourceQuality "1"]

1. d4 Nf6 2. Bf4 e6 3. e3 c5 4. Nd2 cxd4 5. exd4 b6 6. Qf3 Nc6 7. c3 Bb7 8. Nc4 d6 9. Qh3 Be7 10. Nf3 Rc8 11. Bd3 Qc7 12. 0-0 b5 13. Ne3 b4 14. c4 g6 15. Bh6 Rg8 16. b3 Rd8 17. Rac1 e5 18. Nd5 Qd7 19. Nxf6+ Bxf6 20. Qxd7+ Rxd7 21. d5 Ne7 22. Be3 a6 23. Bb6 Kf8 24. Ba5 Kg7 25. Bxb4 Re8 26. Nd2 Nf5 27. Ne4 Be7 28. h3 Nd4 29. Bc3 f5 30. Ng3 Bf6 31. f3 h5 32. Rfe1 Rde7 33. Bxd4 exd4 34. Rxe7+ Rxe7 35. Ne2 Bg5 36. f4 Bf6 37. g3 Rc7 38. Kf2 Re7 39. h4 Re3 40. Rd1 a5 41. Bb1 a4 42. Nxd4 axb3 43. axb3 Bxd4 44. Rxd4 Rxb3 45. Bd3 Ba6 46. Be2 Rb2 47. Ke3 Rb3+ 48. Rd3 Bxc4 49. Rxb3 Bxb3 50. Kd4 Kf6 51. Bb5 Bc2 52. Bc6 Be4 1/2-1/2

[Event "GER-ch Net Amateur Gr-A Vor2"]
[Site "Playchess.com INT"]
[Date "2020.04.15"]
[Round "2"]
[White "Haack, Kevin"]
[Black "Gottuk, Stefan"]
[Result "0-1"]
[WhiteElo "1630"]
[BlackElo "1834"]
[PlyCount "44"]
[EventDate "2020.04.15"]
[EventType "swiss (blitz)"]
[EventRounds "9"]
[EventCountry "GER"]
[SourceTitle "CBM 196 Extra"]
[Source "ChessBase"]
[SourceDate "2020.07.31"]
[SourceVersion "1"]
[SourceVersionDate "2020.07.31"]
[SourceQuality "1"]

1. c4 f5 2. g3 Nf6 3. Bg2 d6 4. Nc3 g6 5. e3 Bg7 6. Nge2 c6 7. 0-0 e5 8. Rb1 a5 9. a3 0-0 10. b4 axb4 11. axb4 e4 12. d4 Qe7 13. Qd3 exd3 14. Nf4 Be6 15. d5 cxd5 16. cxd5 Bd7 17. Nxd3 Ng4 18. Ne2 Bb5 19. Rd1 Ra2 20. Bf1 Na6 21. Ndf4 g5 22. Nd3 f4 0-1

[Event "GER-ch Net Amateur Gr-A Vor2"]
[Site "Playchess.com INT"]
[Date "2020.04.15"]
[Round "3"]
[White "Hoffmann, Hendrik"]
[Black "Gottuk, Stefan"]
[Result "1/2-1/2"]
[WhiteElo "2152"]
[BlackElo "1834"]
[PlyCount "96"]
[EventDate "2020.04.15"]
[EventType "swiss (blitz)"]
[EventRounds "9"]
[EventCountry "GER"]
[SourceTitle "CBM 196 Extra"]
[Source "ChessBase"]
[SourceDate "2020.07.31"]
[SourceVersion "1"]
[SourceVersionDate "2020.07.31"]
[SourceQuality "1"]

1. e4 e6 2. d4 d5 3. Nd2 h6 4. Ngf3 Nf6 5. e5 Nfd7 6. Bd3 c5 7. c3 Nc6 8. 0-0 g5 9. Bb5 g4 10. Bxc6 bxc6 11. Ne1 cxd4 12. cxd4 Ba6 13. Qxg4 Bxf1 14. Nxf1 Qe7 15. Bd2 c5 16. dxc5 Qxc5 17. Rc1 Qb6 18. Qh5 Qxb2 19. Nd3 Qb5 20. Nf4 Qa6 21. Ne3 Bg7 22. Ng4 Rb8 23. a4 Rb2 24. Bc3 Rb3 25. h3 Qc6 26. Bd2 Qa6 27. Rc7 Kd8 28. Rxd7+ Kxd7 29. Qxf7+ Kc8 30. Qxg7 Rd8 31. Qe7 Rb6 32. Nf6 Qxa4 33. Nxe6 Rxe6 34. Qxe6+ Kb8 35. Bf4 Qxf4 36. Nxd5 Rxd5 37. Qxd5 Qc1+ 38. Kh2 Qf4+ 39. g3 Qxf2+ 40. Qg2 Qe3 41. Qb2+ Kc8 42. Qc2+ Kd7 43. Qa4+ Ke7 44. Kg2 Qe2+ 45. Kg1 Qe1+ 46. Kg2 Qe2+ 47. Kg1 Qe1+ 48. Kg2 Qe2+ 1/2-1/2

[Event "NZL-ch rapid op"]
[Site "Auckland"]
[Date "2019.01.24"]
[Round "6"]
[White "Ker, Anthony F"]
[Black "Gottuk, Stefan"]
[Result "1-0"]
[WhiteElo "2301"]
[BlackElo "2184"]
[PlyCount "55"]
[EventDate "2019.01.23"]
[EventType "swiss (rapid)"]
[EventRounds "9"]
[EventCountry "NZL"]
[SourceTitle "CBM 189 Extra"]
[Source "ChessBase"]
[SourceDate "2019.06.03"]
[SourceVersion "1"]
[SourceVersionDate "2019.06.03"]
[SourceQuality "1"]

1. e4 Nc6 2. Nf3 e6 3. d4 d5 4. Nbd2 Nf6 5. e5 Ne4 6. Bd3 Nxd2 7. Bxd2 h6 8. c3 Bd7 9. 0-0 g5 10. b4 Bg7 11. a4 Ne7 12. a5 a6 13. Qe2 Nc8 14. Ne1 Qe7 15. f4 f5 16. exf6 Bxf6 17. Nf3 Nd6 18. Ne5 Bxe5 19. fxe5 Nf5 20. Qh5+ Kd8 21. g4 Be8 22. Qh3 Ng7 23. Rf6 Bb5 24. Rxh6 Rxh6 25. Qxh6 Kd7 26. Bxg5 Qf8 27. Rf1 Qg8 28. Bh7 1-0

[Event "NZL-ch rapid op"]
[Site "Auckland"]
[Date "2019.01.23"]
[Round "2"]
[White "Goormachtigh, Laurens"]
[Black "Gottuk, Stefan"]
[Result "0-1"]
[WhiteElo "1675"]
[BlackElo "2184"]
[PlyCount "62"]
[EventDate "2019.01.23"]
[EventType "swiss (rapid)"]
[EventRounds "9"]
[EventCountry "NZL"]
[SourceTitle "CBM 189 Extra"]
[Source "ChessBase"]
[SourceDate "2019.06.03"]
[SourceVersion "1"]
[SourceVersionDate "2019.06.03"]
[SourceQuality "1"]

1. e4 Nc6 2. Nf3 d6 3. d4 g6 4. Be3 Bg7 5. Bd3 e5 6. d5 Nce7 7. c4 f5 8. Nc3 Nf6 9. Qc1 0-0 10. h3 fxe4 11. Nxe4 c6 12. dxc6 bxc6 13. Bc2 Nxe4 14. Bxe4 d5 15. cxd5 cxd5 16. Bc2 Ba6 17. Bh6 e4 18. Bxg7 Kxg7 19. Nd4 Qa5+ 20. Qd2 Qxd2+ 21. Kxd2 Rxf2+ 22. Ke3 Rxg2 23. Ne6+ Kh6 24. Bb3 Re8 25. Nd4 Rf8 26. Rag1 Rxb2 27. Rg4 Nf5+ 28. Nxf5+ Rxf5 29. Rc1 Re2+ 30. Kd4 Rd2+ 31. Ke3 Rd3+ 0-1

[Event "NZL-ch rapid op"]
[Site "Auckland"]
[Date "2019.01.23"]
[Round "1"]
[White "Gottuk, Stefan"]
[Black "Yu, Jeffrey"]
[Result "1-0"]
[WhiteElo "2184"]
[BlackElo "1453"]
[PlyCount "61"]
[EventDate "2019.01.23"]
[EventType "swiss (rapid)"]
[EventRounds "9"]
[EventCountry "NZL"]
[SourceTitle "CBM 189 Extra"]
[Source "ChessBase"]
[SourceDate "2019.06.03"]
[SourceVersion "1"]
[SourceVersionDate "2019.06.03"]
[SourceQuality "1"]

1. d4 d5 2. Bf4 Nf6 3. e3 e6 4. Nd2 Bd6 5. Bg3 0-0 6. Bd3 b6 7. Qe2 c5 8. c3 Bb7 9. e4 dxe4 10. Nxe4 Nxe4 11. Bxe4 Nc6 12. dxc5 Bxc5 13. Rd1 Qe7 14. Nf3 Rfd8 15. 0-0 Rxd1 16. Rxd1 Rd8 17. Bh4 Rxd1+ 18. Qxd1 Qd6 19. Qc2 f5 20. Bg3 Qd7 21. Bd3 g5 22. Nxg5 Ne7 23. Qe2 Be4 24. Nxe4 fxe4 25. Qxe4 Nf5 26. Be5 Qf7 27. b4 Bd6 28. Bc4 Bxe5 29. Qxe5 Ng7 30. Qb8+ Ne8 31. Qc8 1-0

[Event "NZL-ch rapid op"]
[Site "Auckland"]
[Date "2019.01.23"]
[Round "4"]
[White "Renjith, Sravan"]
[Black "Gottuk, Stefan"]
[Result "1/2-1/2"]
[WhiteElo "1571"]
[BlackElo "2184"]
[PlyCount "56"]
[EventDate "2019.01.23"]
[EventType "swiss (rapid)"]
[EventRounds "9"]
[EventCountry "NZL"]
[SourceTitle "CBM 189 Extra"]
[Source "ChessBase"]
[SourceDate "2019.06.03"]
[SourceVersion "1"]
[SourceVersionDate "2019.06.03"]
[SourceQuality "1"]

1. Nf3 f5 2. g3 d6 3. d4 Nf6 4. Bg2 g6 5. 0-0 Bg7 6. c4 0-0 7. Nc3 Qe8 8. Re1 Qf7 9. Qb3 h6 10. d5 Ne4 11. Be3 Nxc3 12. bxc3 c5 13. dxc6 Nxc6 14. Nd4 Ne5 15. Qb5 Kh7 16. c5 a6 17. Qb4 dxc5 18. Qxc5 Ng4 19. Nf3 e5 20. Bc1 Be6 21. h3 Rac8 22. Qb4 e4 23. Nd4 Ne5 24. Nxe6 Qxe6 25. Qxb7 Rxc3 26. Bb2 Rf7 27. Qb8 Rc8 28. Qb3 Qxb3 1/2-1/2

[Event "Oberliga Nord N 1718"]
[Site "Germany"]
[Date "2018.04.15"]
[Round "9.4"]
[White "Gottuk, Stefan"]
[Black "Dettmann, Steffen"]
[Result "1-0"]
[WhiteElo "2179"]
[BlackElo "2217"]
[PlyCount "109"]
[EventDate "2017.10.08"]
[EventType "team-tourn"]
[EventRounds "9"]
[EventCountry "GER"]
[SourceTitle "EXT 2019"]
[Source "ChessBase"]
[SourceDate "2018.10.10"]
[SourceVersion "1"]
[SourceVersionDate "2018.10.10"]
[SourceQuality "1"]
[WhiteTeam "Hamburg Diogenes"]
[BlackTeam "Hamburg Koenigsspringer"]
[WhiteTeamCountry "GER"]
[BlackTeamCountry "GER"]

1. d4 d5 2. Bf4 Nf6 3. e3 g6 4. h3 Bg7 5. Nf3 0-0 6. Be2 c5 7. c3 Qb6 8. Qb3 Qxb3 9. axb3 cxd4 10. exd4 Nc6 11. b4 Bf5 12. b5 Nd8 13. Ne5 Nd7 14. Nxd7 Bxd7 15. Na3 Re8 16. 0-0 Ne6 17. Bh2 Ng5 18. Nc2 Ne4 19. Ne3 e6 20. Ra2 Nd2 21. Rd1 Nc4 22. Bxc4 dxc4 23. Nxc4 Bf8 24. Na5 Bxb5 25. Nxb7 Bc4 26. Raa1 Bd5 27. Na5 Rec8 28. Bf4 Be7 29. f3 Bd8 30. Kf2 f6 31. Ke2 g5 32. Bg3 Kf7 33. Kd3 Bxa5 34. Rxa5 a6 35. Ra3 h5 36. Rd2 g4 37. fxg4 hxg4 38. hxg4 Rg8 39. Bf4 Rxg4 40. g3 e5 41. dxe5 fxe5 42. Bxe5 a5 43. Bf4 Rg6 44. c4 Bc6 45. b3 Bd7 46. Kc3 Ke8 47. Rd5 Rga6 48. Bc7 a4 49. b4 Rc6 50. Bf4 Rac8 51. Rd4 Be6 52. c5 Bb3 53. Bd6 Ra6 54. b5 Ra7 55. Kb4 1-0

[Event "Oberliga Nord N 1718"]
[Site "Germany"]
[Date "2018.03.18"]
[Round "8.4"]
[White "Reichmann, Hendrik"]
[Black "Gottuk, Stefan"]
[Result "1-0"]
[WhiteElo "2334"]
[BlackElo "2179"]
[PlyCount "89"]
[EventDate "2017.10.08"]
[EventType "team-tourn"]
[EventRounds "9"]
[EventCountry "GER"]
[SourceTitle "EXT 2019"]
[Source "ChessBase"]
[SourceDate "2018.10.10"]
[SourceVersion "1"]
[SourceVersionDate "2018.10.10"]
[SourceQuality "1"]
[WhiteTeam "Schwerin"]
[BlackTeam "Hamburg Diogenes"]
[WhiteTeamCountry "GER"]
[BlackTeamCountry "GER"]

1. d4 f5 2. Bf4 Nf6 3. e3 e6 4. Nf3 b6 5. Nbd2 Bb7 6. Bd3 Be7 7. h3 0-0 8. Qe2 Ne4 9. h4 Nxd2 10. Kxd2 Bxf3 11. Qxf3 d5 12. g4 Nc6 13. c3 Na5 14. gxf5 exf5 15. Rag1 Rf7 16. Be5 Qd7 17. Rg2 Bf8 18. Rg5 Re8 19. b3 Nc6 20. Bf4 Ne7 21. Rhg1 c6 22. Be5 g6 23. h5 Bg7 24. hxg6 hxg6 25. Rxg6 Nxg6 26. Rxg6 Kf8 27. Bxg7+ Rxg7 28. Bxf5 Qf7 29. Rxc6 Rg5 30. Bg4 Rxg4 31. Rf6 Rg7 32. Kd3 Rd8 33. c4 Ke8 34. Rxf7 Rxf7 35. Qh5 dxc4+ 36. bxc4 Rdd7 37. f4 Kd8 38. d5 Rh7 39. Qg5+ Kc7 40. Qg6 Rhg7 41. Qc6+ Kd8 42. d6 Rb7 43. e4 a6 44. e5 b5 45. c5 1-0

[Event "Oberliga Nord N 1718"]
[Site "Germany"]
[Date "2018.02.25"]
[Round "7.5"]
[White "Zum Felde, Michael"]
[Black "Gottuk, Stefan"]
[Result "0-1"]
[WhiteElo "2131"]
[BlackElo "2179"]
[PlyCount "86"]
[EventDate "2017.10.08"]
[EventType "team-tourn"]
[EventRounds "9"]
[EventCountry "GER"]
[SourceTitle "EXT 2019"]
[Source "ChessBase"]
[SourceDate "2018.10.10"]
[SourceVersion "1"]
[SourceVersionDate "2018.10.10"]
[SourceQuality "1"]
[WhiteTeam "Bargteheide"]
[BlackTeam "Hamburg Diogenes"]
[WhiteTeamCountry "GER"]
[BlackTeamCountry "GER"]

1. e4 d6 2. Nf3 Nf6 3. d3 g6 4. Be2 Bg7 5. 0-0 0-0 6. Be3 c5 7. Nc3 Nc6 8. Qd2 Rb8 9. d4 cxd4 10. Nxd4 a6 11. f3 Nxd4 12. Bxd4 b5 13. Nd5 Nxd5 14. Bxg7 Kxg7 15. Qxd5 Qb6+ 16. Kh1 Be6 17. Qd2 a5 18. f4 f6 19. a3 Rfc8 20. Bd3 Bc4 21. e5 Qd4 22. exd6 Qxd6 23. Rf3 a4 24. Re1 Rc7 25. Qa5 Bxd3 26. Rxd3 Qxf4 27. c3 Qc4 28. Rd4 Qc5 29. Rd5 Qc6 30. Rd4 Rd7 31. Red1 Rxd4 32. Rxd4 Ra8 33. Qb4 Kf7 34. h3 Rc8 35. Rh4 h5 36. Rd4 Qc5 37. Qa5 Qe5 38. Qa7 Rc5 39. Qb7 Qe1+ 40. Kh2 Qe5+ 41. Kh1 Qe1+ 42. Kh2 Re5 43. Rd3 Qe2 0-1

[Event "GER CupT 1617 prel3"]
[Site "Elmshorn"]
[Date "2017.01.28"]
[Round "1.3"]
[White "Gottuk, Stefan"]
[Black "Guenther, Patrick"]
[Result "1/2-1/2"]
[WhiteElo "2194"]
[BlackElo "2009"]
[PlyCount "100"]
[EventDate "2017.01.28"]
[EventType "team-k.o."]
[EventRounds "2"]
[EventCountry "GER"]
[SourceTitle "EXT 2019"]
[Source "ChessBase"]
[SourceDate "2018.10.10"]
[SourceVersion "1"]
[SourceVersionDate "2018.10.10"]
[SourceQuality "1"]
[WhiteTeam "Hamburg Diogenes"]
[BlackTeam "Elmshorn"]
[WhiteTeamCountry "GER"]
[BlackTeamCountry "GER"]

1. e4 c5 2. Be2 Nc6 3. f4 g6 4. Nf3 Bg7 5. 0-0 e6 6. d3 Nge7 7. c3 0-0 8. Be3 b6 9. d4 cxd4 10. cxd4 f5 11. e5 Nd5 12. Qd2 Bb7 13. Nc3 Nce7 14. Ne1 a6 15. Bf2 Bc6 16. Bh4 Qb8 17. Bf3 Qb7 18. Nc2 Rfc8 19. Bxe7 Nxe7 20. Ne3 Bxf3 21. Rxf3 b5 22. Rd1 b4 23. Na4 Qb5 24. b3 Ra7 25. Nb2 Nd5 26. Nbc4 Bf8 27. Rdf1 a5 28. Rh3 a4 29. Qf2 Nxe3 30. Rxe3 axb3 31. axb3 Rca8 32. Re2 Ra1 33. Qf3 Rxf1+ 34. Kxf1 Ra1+ 35. Re1 Qa6 36. d5 Bc5 37. dxe6 dxe6 38. Rxa1 Qxa1+ 39. Ke2 Qa2+ 40. Nd2 Qa6+ 41. Nc4 Kg7 42. h3 Bd4 43. g4 Bc3 44. Kd3 Qa7 45. Nd6 Qd4+ 46. Ke2 Qd2+ 47. Kf1 Qe1+ 48. Kg2 Qd2+ 49. Kf1 Qe1+ 50. Kg2 Qd2+ 1/2-1/2

[Event "Oberliga Nord N 1617"]
[Site "Germany"]
[Date "2016.12.04"]
[Round "3.6"]
[White "Gottuk, Stefan"]
[Black "Jaeckle, Marco"]
[Result "1/2-1/2"]
[WhiteElo "2194"]
[BlackElo "2215"]
[PlyCount "47"]
[EventDate "2016.10.16"]
[EventType "team-tourn"]
[EventRounds "9"]
[EventCountry "GER"]
[SourceTitle "EXT 2018"]
[Source "ChessBase"]
[SourceDate "2017.10.13"]
[SourceVersion "1"]
[SourceVersionDate "2017.10.13"]
[SourceQuality "1"]
[WhiteTeam "Hamburg Diogenes"]
[BlackTeam "Hamburg Schachfreunde"]
[WhiteTeamCountry "GER"]
[BlackTeamCountry "GER"]

1. e4 e6 2. d4 d5 3. Nc3 Nf6 4. Bg5 h6 5. Bxf6 Qxf6 6. exd5 Bb4 7. Bb5+ c6 8. dxc6 bxc6 9. Be2 0-0 10. a3 Ba5 11. Nf3 Rd8 12. b4 Bb6 13. Ne4 Qf4 14. Nc5 Bxc5 15. bxc5 e5 16. c3 exd4 17. cxd4 Bg4 18. 0-0 Bxf3 19. Bxf3 Rxd4 20. Qc1 Qf6 21. Qe3 Na6 22. Bxc6 Rad8 23. Bf3 Nxc5 24. Rac1 1/2-1/2

[Event "Kiel op-A 29th"]
[Site "Kiel"]
[Date "2016.08.01"]
[Round "5"]
[White "Benzen, Marthe"]
[Black "Gottuk, Stefan"]
[Result "0-1"]
[WhiteElo "2043"]
[BlackElo "2203"]
[PlyCount "102"]
[EventDate "2016.07.30"]
[EventType "swiss"]
[EventRounds "9"]
[EventCountry "GER"]
[SourceTitle "CBM 173 Extra"]
[Source "ChessBase"]
[SourceDate "2016.08.29"]
[SourceVersion "1"]
[SourceVersionDate "2016.08.29"]
[SourceQuality "1"]

1. e4 Nc6 2. d4 d5 3. exd5 Qxd5 4. Nf3 Bg4 5. Be2 0-0-0 6. Nc3 Qa5 7. Bd2 Bxf3 8. Bxf3 Nxd4 9. Bg4+ e6 10. Ne2 Qd5 11. Nxd4 Qxd4 12. c3 Qe4+ 13. Qe2 Qxe2+ 14. Kxe2 Bc5 15. Bg5 Be7 16. Be3 f5 17. Bf3 e5 18. g4 f4 19. Bxa7 b6 20. a4 Nf6 21. g5 e4 22. gxf6 exf3+ 23. Kxf3 Bxf6 24. a5 Kb7 25. axb6 cxb6 26. Ra4 Rd3+ 27. Kxf4 Ra8 28. Rha1 Rd2 29. Bxb6 Rxa4+ 30. Rxa4 Kxb6 31. Rb4+ Kc6 32. Ke3 Rd5 33. Rc4+ Kd6 34. Kf3 Rd3+ 35. Kg2 Kd5 36. Rb4 Kc5 37. h3 h6 38. f3 h5 39. h4 Rd2+ 40. Kg1 Be5 41. Re4 Kd5 42. c4+ Kd6 43. b3 Rd3 44. f4 Bf6 45. b4 Rd4 46. Rxd4+ Bxd4+ 47. Kg2 Bc3 48. b5 Be1 49. Kf3 Kc5 50. Ke4 Bxh4 51. Kf5 Bf6 0-1

[Event "Kiel op-A 29th"]
[Site "Kiel"]
[Date "2016.07.30"]
[Round "2"]
[White "Gottuk, Stefan"]
[Black "Keyser, Philipp"]
[Result "1/2-1/2"]
[WhiteElo "2203"]
[BlackElo "1865"]
[PlyCount "132"]
[EventDate "2016.07.30"]
[EventType "swiss"]
[EventRounds "9"]
[EventCountry "GER"]
[SourceTitle "CBM 173 Extra"]
[Source "ChessBase"]
[SourceDate "2016.08.29"]
[SourceVersion "1"]
[SourceVersionDate "2016.08.29"]
[SourceQuality "1"]

1. e4 c5 2. Be2 e6 3. f4 a6 4. Nf3 b5 5. 0-0 Bb7 6. d3 d5 7. e5 Ne7 8. Qe1 Nd7 9. c3 Nb6 10. b3 h5 11. Nh4 g6 12. Nd2 Nf5 13. Nxf5 gxf5 14. Nf3 Be7 15. d4 Qc7 16. a4 c4 17. axb5 axb5 18. Rxa8+ Bxa8 19. b4 Nd7 20. Ng5 Nf8 21. h4 Ng6 22. g3 Qa7 23. Kh2 Bxg5 24. fxg5 Qa2 25. Qd1 Qa1 26. Qc2 Bc6 27. Bb2 Qa4 28. Qd2 Qa7 29. Ra1 Qb6 30. Kh3 Kd7 31. Bc1 Ra8 32. Rxa8 Bxa8 33. Bxh5 Qa7 34. Bd1 Qa1 35. Qb2 Qxb2 36. Bxb2 Ke7 37. h5 Nh8 38. g4 fxg4+ 39. Bxg4 Bc6 40. Bc1 Bd7 41. Kh4 Kf8 42. Bd1 Kg7 43. Bc2 Ng6+ 44. Kg4 Kh7 45. Bd1 Kg7 46. Bf3 Bc6 47. Bg2 Kh7 48. Kg3 Kg7 49. Bh3 Bd7 50. Bg4 Kh7 51. Be3 Kg7 52. Bf2 Kh7 53. Kf3 Kg7 54. Bg3 Kh7 55. Ke3 Kg7 56. Be2 Kh7 57. Bf3 Bc6 58. Bg2 Kg7 59. Bf1 Kh7 60. Be1 Kg7 61. hxg6 fxg6 62. Bd2 Kf7 63. Bc1 Bd7 64. Be2 Kg7 65. Bf3 Bc6 66. Ba3 Kf7 1/2-1/2

[Event "Oberliga Nord N 1516"]
[Site "Germany"]
[Date "2015.09.20"]
[Round "1.7"]
[White "Gottuk, Stefan"]
[Black "Schumacher, Norbert"]
[Result "1-0"]
[WhiteElo "2171"]
[BlackElo "2208"]
[PlyCount "65"]
[EventDate "2015.09.20"]
[EventType "team-tourn"]
[EventRounds "9"]
[EventCountry "GER"]
[SourceTitle "CBM 170 Extra"]
[Source "ChessBase"]
[SourceDate "2016.02.25"]
[SourceVersion "1"]
[SourceVersionDate "2016.02.25"]
[SourceQuality "1"]
[WhiteTeam "Hamburg Diogenes"]
[BlackTeam "Hamburger SK III"]
[WhiteTeamCountry "GER"]
[BlackTeamCountry "GER"]

1. e4 c5 2. c3 Nf6 3. e5 Nd5 4. d4 e6 5. Nf3 cxd4 6. cxd4 Nc6 7. Nc3 Nxc3 8. bxc3 d6 9. exd6 Bxd6 10. Bd3 h6 11. 0-0 0-0 12. Re1 Qc7 13. Qe2 Bd7 14. Ne5 Bxe5 15. dxe5 Ne7 16. Bxh6 gxh6 17. Qg4+ Kh8 18. Qh5 Ng8 19. Re3 Be8 20. Qg4 Rd8 21. Rae1 f5 22. exf6 Rxf6 23. Rg3 Qf7 24. Qh4 Rd5 25. Ree3 b6 26. Rg4 Bd7 27. h3 Rh5 28. Qg3 e5 29. Bg6 Rxg6 30. Rxg6 Ne7 31. Rd6 Nc6 32. Rf3 Qe7 33. Rff6 1-0